Datum a čas kvízu
22.5
Celkem bodů
Celkový počet nahraných bodů na tomto kvízu bez doplňovacích otázek.
3.
Pořadí na kvízu
Konečné umístění týmu na tomto kvízu.
Zaznamenané odpovědi
| # | Otázka | Odpověď | Body | Výsledky |
|---|---|---|---|---|
| 1. | Další krok na cestě k potvrzen... | silné, slabé | 0 | |
| 2. | Aniž bychom chtěli vyvolávat p... | pirola | 0 | |
| 3. | Kromě Nobelovy ceny jsou každo... | C | 1 | |
| 4. | Skutečné Nobelovy ceny byly ud... | Nobelova cena míru | 1 | |
| 5. | Které zemi se jako čtvrté v po... | Indii | 1 | |
| 6. | Tajemství vesmíru fascinovala... | Tycho Brahe | 0 | |
| 7. | Které písmeno a číslice tvořil... | V-2 | 0 | |
| 8. | Které zvíře se nachází ve znak... | orel | 0 | |
| 9. | Který z těchto objektů Slunečn... | C | 1 | |
| 10. | V předešlých čtyřech otázkách... | Andromeda | 0 |